| 000 | 00602cam a22002051 4500 | ||
|---|---|---|---|
| 001 | af 48001999 | ||
| 003 | DLC | ||
| 005 | 20260227110852.0 | ||
| 008 | 890405s1943 gw a 000 1 ger c | ||
| 010 | _aaf 48001999 | ||
| 035 | _a(OCoLC)19498283 | ||
| 040 |
_aYale Univ. Library _cCU _dDLC |
||
| 042 | _apremarc | ||
| 050 | 0 | 0 |
_aPT2615.A5733 _bL3 |
| 100 | 1 | _aHansemann, Walther. | |
| 245 | 1 | 4 |
_aDas Lächeln am Knie; _bStenogramme aus dem Alltag. _cMit Federzeichnungen von G.T. Schulz. |
| 260 |
_aHamburg, _bHammerich & Lesser _c[1943] |
||
| 300 |
_a93 p. _billus. _c17 cm. |
||
| 500 | _aShort stories. | ||
| 999 |
_c4819 _d4819 |
||